| 000 | 00620nam a2200193 u 4500 | ||
|---|---|---|---|
| 005 | 20240320063706.0 | ||
| 008 | 080304s2006 r 000 0 eng d | ||
| 020 | _a9707707046 | ||
| 035 | _aUPN01000154701 | ||
| 049 | _aCG | ||
| 050 | 4 |
_aPS3608 I2.4 _bB4 |
|
| 100 | 1 | _aHickey, Elizabeth | |
| 245 | 1 | 3 |
_aEl beso : _bGustav Klimt tuvo una musa secreta, ésta es su historia / _cElizabeth Hickey ; tr. Paz Pruneda Gozálvez. |
| 260 |
_aMéxico : _bSantillana : _bSuma de Letras, _c2006. |
||
| 300 | _a294 p. | ||
| 534 |
_pTítulo original: _tThe painted kiss |
||
| 650 | 4 |
_aNovela estadounidense _94462 |
|
| 905 | _aLibro | ||
| 999 |
_c126818 _d126818 |
||